| 000 | 01283nam0a22002891 4500 | ||
|---|---|---|---|
| 001 | rc\4344342 | ||
| 005 | 20260407125342.0 | ||
| 021 |
_aRU _bРг5463-60 |
||
| 035 | _a(NLR Aleph) 008275755 | ||
| 090 |
_a8484944 _c8484944 |
||
| 100 | _a20130416d1960 |||y0rusy50 ca | ||
| 101 | 0 | _arus | |
| 102 | _aRU | ||
| 105 | _ay a ||||| | ||
| 200 | 1 |
_aХимико-термическая обработка металлов _eБиблиографическая справка по отечеств. и иностр. литературе за 1957-1959 гг. _fЦентр. науч.-техн. б-ка. Дом техники |
|
| 210 |
_aМосква _cБ. и. _d1960 |
||
| 215 |
_a26 с. _d29 |
||
| 300 | _aОтпеч. множит. аппаратом | ||
| 300 | _aСост. указан на обороте тит. л. | ||
| 700 | 1 |
_4220 _7ca _8rus _aГаврилов _bМ. А. _cбиблиограф _gМихаил Александрович _9259354 _3RU\NLR\AUTH\770259410 |
|
| 712 | 0 | 2 |
_aДом техники п/я 1056 _bЦентральная научно-техническая библиотека _cМосква _9652189 _3RU\NLR\AUTH\8810075100 |
| 801 | 0 |
_aRU _bNLR _gpsbo |
|
| 801 | 1 |
_aRU _bELAR _2rusmarc |
|
| 852 |
_aNLR _jС337-420/Г12 |
||
| 942 | _cBOOK | ||
| 980 | _aNB | ||